The most EVIL companies in the world - Statistics

General Stats
  • This quiz has been taken 39 times
  • The average score is 11 of 40
Answer Stats
Source/level of evil Company industry % Correct
The Slate #2 Facebook advertising/social media
75%
RT #2 Apple tech/media/retail
66%
The Slate #6 Apple tech/media/retail
66%
The Slate #7 Microsoft tech/venture capital etc.
63%
The Slate #3 Alphabet conglomerate/tech etc.
56%
The Slate #1 Amazon tech etc.
53%
RT #5 McDonald's restaurants
53%
Booboone #3 Nestlé beverages/food etc.
50%
RT #3 Nestlé beverages/food etc.
50%
The Slate #8 Twitter internet/social media
50%
Booboone #6 Walmart retail
47%
RT #8 ExxonMobil energy/oil and gas
44%
The Slate #10 ExxonMobil energy/oil and gas
44%
The Slate #15 Disney mass media/entertainment
41%
The Slate #14 Tesla automotive/energy
41%
RT #7 JPMorgan Chase financial services
34%
Booboone #1 Monsanto farming/food etc.
31%
RT #1 Monsanto farming/food etc.
31%
Booboone #4 Bayer pharmaseuticals/chemical products
28%
The Slate #22 IBM tech/software/AI etc.
22%
The Slate #16 Verizon telecommunications/mass media
22%
Booboone #2 Dow Chemical chemical products
19%
RT #6 Goldman Sachs financial services
19%
The Slate #19 Oracle software/tech/internet
16%
RT #4 Philip Morris tobacco
13%
The Slate #17 SpaceX aerospace
13%
The Slate #11 Huawei electronics/tech etc.
6%
The Slate #5 Uber transportation
6%
The Slate #18 23andMe biotech/genetic genealogy
3%
RT #10 British American Tobacco tobacco
3%
The Slate #21 Cloudflare internet/cloud computing
3%
RT #9 Halliburton oilfield services etc.
3%
The Slate #4 Palantir Technologies software
3%
The Slate #20 8kun / 8chan internet/'social media'
0%
The Slate #23 Anduril Industries defense/military tech
0%
The Slate #9 ByteDance internet/social media etc.
0%
Booboone #5 Cytec Industries chemical products
0%
Booboone #7 Kids Wish Network 'charity'
0%
The Slate #12 LiveRamp / Acxiom data connectivity etc.
0%
The Slate #13 Tencent conglomerate/internet/tech
0%
No matching quizzes found
Score Distribution
Percent of People with Each Score
Percentile by Number Answered
Your Score History
You have not taken this quiz